[Event "ARG-ch sf 92nd"]
[Site "Buenos Aires"]
[Date "2017.07.16"]
[Round "8.34"]
[White "Jorge, Hector"]
[Black "Chan, Daniel Roberto"]
[Result "1/2-1/2"]
[WhiteElo "2013"]
[BlackElo "1854"]
[PlyCount "68"]
[EventDate "2017.07.10"]
[EventType "swiss"]
[EventRounds "9"]
[EventCountry "ARG"]
[SourceTitle "EXT 2018"]
[Source "ChessBase"]
[SourceDate "2017.10.13"]
[SourceVersion "1"]
[SourceVersionDate "2017.10.13"]
[SourceQuality "1"]

1. e4 e6 2. d4 d5 3. Nc3 Bb4 4. a3 Bxc3+ 5. bxc3 Ne7 6. e5 h6 7. Nf3 c5 8. Bb5+ Bd7 9. Bxd7+ Nxd7 10. 0-0 Qa5 11. Bd2 c4 12. Qb1 Nb6 13. a4 Rb8 14. Qa2 Nd7 15. Rfb1 Qd8 16. Bc1 Nf5 17. Rb5 g5 18. Qb1 g4 19. Ne1 b6 20. a5 h5 21. axb6 axb6 22. Ra7 h4 23. Qb4 Ra8 24. Qa4 0-0 25. Rb1 Rxa7 26. Qxa7 Qc8 27. Ra1 Qc6 28. h3 g3 29. Qa4 gxf2+ 30. Kxf2 Qc7 31. Qa6 Qc6 32. Nf3 f6 33. Qa4 Qc7 34. Qa7 Qc6 1/2-1/2

[Event "ARG-ch 86th"]
[Site "La Plata"]
[Date "2012.07.04"]
[Round "1"]
[White "Jorge, Hector"]
[Black "Cordero, Alfredo"]
[Result "1/2-1/2"]
[WhiteElo "1217"]
[BlackElo "2137"]
[PlyCount "32"]
[EventDate "2012.07.04"]
[EventType "swiss"]
[EventRounds "11"]
[EventCountry "ARG"]
[SourceTitle "CBM 149 Extra"]
[Source "ChessBase"]
[SourceDate "2012.08.24"]
[SourceVersion "1"]
[SourceVersionDate "2012.08.24"]
[SourceQuality "1"]

1. e4 d6 2. d4 Nd7 3. c4 Ngf6 4. Nc3 e5 5. d5 Be7 6. Nge2 0-0 7. Ng3 Ne8 8. Be3 g6 9. Bd3 Ng7 10. Qc2 Nf6 11. f3 Nfe8 12. 0-0-0 f5 13. exf5 gxf5 14. Bh6 Bg5+ 15. Bxg5 Qxg5+ 16. Qd2 Qxd2+ 1/2-1/2